000 01105cas a22003017ar4500
005 20231010062644.0
008 000607d1963 mx br pernn 0 b1spa d
010 _a81438
011 _a82410
035 _a92905
245 0 0 _aBoletín Agrícola del Valle Alto del Mezquital
_c/por Comité Directivo del Distrito de Riego n. 03-Tula
260 0 _aTula, Hidalgo :
_bComité Directivo del Distrito de Riego n. 03-Tula,
_c1964-196?.
300 _av.
310 _aTrimestral
362 1 _av.1 n.1-2, 1963.
500 _aSe dejó de recibir a partir del v. 3 n.6 de 1965.
590 _aBATCH-UPD
_b10
_c20130110
_lUCH01
_h0214
590 _aBATCH-UPD
_b10
_c20130409
_lUCH01
_h2230
590 _aBATCH-UPD
_b10
_c20130913
_lUCH01
_h2115
590 _aCONVERSION
_b10
_c20130109
_lUCH01
_h1345
650 1 7 _aAgricultura
_xPublicaciones periódicas
_2
_91772
785 1 0 _tBoletín del Comité Directivo Agrícola Distrito de Riego 03 Tula, Hidalgo
866 _av.1 n.1-12 (1963)
866 _av.2 n.2-12 (1964)
866 _av.3 1-6 (1965)
901 _aSE
905 _aLilia Sánchez G.
999 _c81438
_d81438